|
|
|
|
| LEADER |
00000nam a2200000 a 4500 |
| 001 |
vtls009182164 |
| 003 |
SK-MaSNL |
| 005 |
20260302043103.0 |
| 007 |
co bg anuua |
| 008 |
080208s2007 xo a fsp 000 0 slo |
| 015 |
|
|
|a SNBS2008/02-00458
|
| 020 |
|
|
|a 9788080739416 (elektronická kniha)
|
| 040 |
|
|
|a SNK
|b slo
|c SNK
|e AACR2
|
| 041 |
0 |
|
|a slo
|
| 044 |
|
|
|a xo
|c SK
|
| 072 |
|
7 |
|a 621.3
|x Elektrotechnika
|2 konspekt
|
| 080 |
|
|
|a 621.311
|2 2001
|
| 080 |
|
|
|a 621.311.2
|2 2001
|
| 080 |
|
|
|a (07)
|2 2001
|
| 080 |
|
|
|a (0.034.44)
|2 2001
|
| 245 |
0 |
0 |
|a Elektrárne
|h elektronický zdroj
|c Michal Kolcun ... [et al.]
|
| 260 |
|
|
|a Košice
|b Technická univerzita
|c 2007
|
| 300 |
|
|
|a 1 elektronický optický disk (CD-ROM)
|b ilustr.
|c 12 cm
|
| 500 |
|
|
|a Názov z titulnej obrazovky
|
| 516 |
|
|
|a Textový dokument (učebnica), súbor vo formáte pdf
|
| 538 |
|
|
|a Technické požiadavky: Foxit Reader 2.2
|
| 650 |
0 |
7 |
|a elektrárne
|2 SNKPH
|9 26895
|
| 650 |
0 |
7 |
|a výroba elektrickej energie
|2 SNKPH
|9 60028
|
| 655 |
|
7 |
|a učebnice
|2 SNKPH
|9 22521
|
| 655 |
|
7 |
|a CD-ROM
|2 SNKPH
|9 70236
|
| 655 |
|
7 |
|a elektronické zdroje
|2 SNKPH
|9 90954
|
| 700 |
1 |
|
|a Kolcun, Michal,
|d 1954-
|4 aut
|9 99288
|
| 700 |
1 |
|
|a Böszörményi, László,
|d 1951-
|4 aut
|9 208078
|
| 700 |
1 |
|
|a Cimbala, Roman,
|d 1962-
|4 aut
|9 110453
|
| 700 |
1 |
|
|a Mešter, Marián,
|d 1973-
|4 aut
|9 177411
|
| 700 |
1 |
|
|a Tkáč, Ján,
|d 1953-
|4 aut
|9 5855
|
| 919 |
|
|
|a 978-80-8073-941-6
|
| 999 |
|
|
|c 1085303
|d 1087233
|
| 952 |
|
|
|a SNK
|b SNK
|y PREZ
|7 0
|p 17A0578274
|o snkSCDM 1727
|i snk2008/3129
|8 0
|0 0
|1 0
|4 0
|d 2008-02-08
|l 0
|r 2026-02-24 16:38:52
|w 2026-02-24
|